000 00556nam a2200241 a 4500
001 nice12345678
003 IN_TiNIC
005 20260116011412.0
008 050524s0000 egya grp 000 0 ara
020 _a
_c100
082 0 0 _a892.73
_bWIL
100 _aWilliamson, Ruth
245 _aQasasul Saffar
260 _aEgypt
_bNile Press
_c0000
300 _a212p
500 _aincludes index and biblioraphy
505 2 _aArchives
650 _aArabic-Fiction
700 1 _aWilliamson, Ruth
902 _bSRS
942 _cBK
999 _c1210
_d1210